000 00731nam a2200289Ia 4500
005 20260324150926.0
008 008 260324s9999 xx 000 0 eng d
020 _a9781003601760
037 _aEBOOK
040 _aCRL
040 _beng
040 _cCRL
041 _2eng
041 _aeng
084 _qCRL
100 _aE.T.S. Dugdale; E.T.S. Dugdale
_91227975
245 0 _aGerman Diplomatic Documents 1871–1914 Volume 1
245 0 _bBismarck’s Relations with England 1871–1890
260 _bTaylor and Francis
260 _c1928
365 _a
365 _b140
856 _uhttp://www.taylorfrancis.com/books/9781003601760
942 _cEBOOK
999 _c1838381
_d1838381